Preußische Könige - Statistiken

Allgemein
  • Dieses Quiz wurde 49 mal gespielt
  • Das Durchschnittsergebnis liegt bei 9 aus 13
Antwortstatistiken
Hint Antwort % Korrekt
1598-1608 (Kurfürst von Brandenburg) Joachim Friedrich
97%
1640-1688 (Westfälischer Frieden) Friedrich-Wilhelm von Brandenburg
85%
1688-1713 (ab 1701 König in Preußen) Friedrich I.
82%
1740-1786 (Sieben-Jähriger-Krieg) Friedrich II.
82%
1888 (Dreikaiserjahr) Friedrich III.
82%
1861-1888 (ab 1871 Deutscher Kaiser) Wilhelm I.
79%
1888-1918 (erster Weltkrieg, Novemberrevolution)) Wilhelm II.
79%
1713-1740 (Soldatenkönig) Friedrich-Wilhelm I.
74%
1786-1797 Friedrich-Wilhelm II.
74%
1797-1840 (Napoleonische Kriege) Friedrich-Wilhelm III.
72%
1840-1861 (48er Revolution, Schweinekrone) Friedrich-Wilhelm IV.
67%
1608-1619 (+Herzog in Preußen) Johann Sigismund
28%
1619-1640 Georg Wilhelm
23%
Keine übereinstimmenden Quizze gefunden
Verteilung der Resultate
Anzahl Personen mit jedem Resultat
Perzentil nach korrekt beantworteten Fragen
Ihre Resultats-Entwicklung
Sie haben dieses Quiz noch nicht gespielt